00433nam a2200145Ia 4500100001500000942000700015654002300022245005300045260003500098082001000133300000900143546001200152999001700164952010600181 aWendt/H.C  cBK aDesign Manufacture aArc Welding In Design Manufacture & Construction bJames LincolnaClevelandc1944 a671.5 a1409 aENGLISH c30400d30400 001040708AFTaCRCEbCRCEd2023-03-17g15.00l0o671.5 pAFT1270r2023-03-17v15.00w2023-03-17yBK